[Event "Tournoi francophone 002 Groupe E"]
[Site "Skype"]
[Date "????.??.??"]
[Round "1.1"]
[White "Lemoine, Gerard"]
[Black "Bustos, Ricardo"]
[Result "1-0"]
[WhiteElo "1202"]
[BlackElo "1239"]
[PlyCount "67"]

1. d4 d5 2. c4 e6 3. Nf3 Nf6 4. Bg5 Nbd7 5. e3 Be7 6. Bd3 O-O 7. O-O Ne4 8.
Bxe7 Qxe7 9. Nbd2 Nef6 10. Qc2 c5 11. Rfe1 Qd6 12. Ng5 g6 13. Nh3 Ng4 14. Nf4
Ngf6 15. g3 b6 16. b3 Bb7 17. a4 a5 18. f3 Rac8 19. Qb2 Rfe8 20. e4 dxe4 21.
fxe4 cxd4 22. e5 Qc6 23. Ne4 Nxe4 24. Bxe4 Qc7 25. Bxb7 Qxb7 26. Qxd4 Rcd8 27.
Qc3 Nc5 28. Rad1 Rxd1 29. Rxd1 Ne4 30. Qd4 Ng5 31. Qd7 Nf3+ 32. Kg2 Nxe5+ 33.
Nd5 exd5 34. Qxb7 1-0

[Event "Tournoi francophone 002 Groupe E"]
[Site "Skype"]
[Date "????.??.??"]
[Round "1.2"]
[White "Kruk, Clementine"]
[Black "Frigon, Julian"]
[Result "1-0"]
[WhiteElo "1187"]
[BlackElo "1199"]
[PlyCount "37"]

1. e4 d6 2. d4 e6 3. Nf3 Be7 4. Nc3 Nf6 5. Bf4 O-O 6. Bc4 c5 7. d5 exd5 8. exd5
Bd7 9. Qd3 Qc7 10. O-O a6 11. Ne4 b5 12. Nxf6+ Bxf6 13. Bg5 Bxb2 14. Rae1 bxc4
15. Qe4 a5 16. Bh4 Na6 17. Ng5 Rfe8 18. Qxh7+ Kf8 19. Qh8# 1-0

[Event "Tournoi francophone 002 Groupe E"]
[Site "Skype"]
[Date "????.??.??"]
[Round "1.3"]
[White "Ouellet, Emile"]
[Black "Farthouat, Catherine"]
[Result "0-1"]
[WhiteElo "1280"]
[BlackElo "1197"]
[PlyCount "90"]

1. e4 e5 2. Nf3 Nf6 3. Nc3 Bb4 4. a3 Bxc3 5. bxc3 a6 6. d3 O-O 7. Nxe5 d6 8.
Nf3 Nc6 9. h3 h6 10. Be2 b6 11. O-O Bb7 12. Bb2 Re8 13. Re1 d5 14. Nd2 d4 15.
c4 b5 16. c5 b4 17. axb4 Nxb4 18. Bf3 Nd7 19. Bxd4 Qe7 20. Nb3 Ne5 21. Bxe5
Qxe5 22. Ra5 Qb2 23. Qd2 Nxc2 24. Na1 Rad8 25. Qxc2 Qxc2 26. Nxc2 Bc6 27. Rxa6
Bb5 28. Ra7 Bxd3 29. Nb4 Rd4 30. Nxd3 Rxd3 31. Rxc7 Rd2 32. Kf1 g6 33. e5 Kg7
34. e6 Kf6 35. exf7 Rf8 36. c6 h5 37. Rce7 Rxf7 38. R1e6+ Kg7 39. c7 Rc2 40.
Bc6 Rc1+ 41. Ke2 Rc2+ 42. Kd3 Rxc6 43. Rxc6 Rxe7 44. c8=Q Kf7 45. Qd7 Rxd7+ 0-1

[Event "Tournoi francophone 002 Groupe E"]
[Site "Skype"]
[Date "????.??.??"]
[Round "1.4"]
[White "Douichi, Mohammed"]
[Black "Mimouni, Driss"]
[Result "1-0"]
[WhiteElo "1172"]
[BlackElo "1199"]
[PlyCount "61"]

1. e4 e5 2. Nf3 d6 3. d4 exd4 4. Nxd4 Bd7 5. Nc3 Be7 6. Bb5 d5 7. Nxd5 Nc6 8.
Bf4 g6 9. Nxc7+ Qxc7 10. Bxc7 Bh4 11. Nxc6 bxc6 12. Be5 Bxf2+ 13. Kxf2 Bg4 14.
Qxg4 h5 15. Qf4 f6 16. Bxc6+ Kd8 17. Bxa8 fxe5 18. Qf8+ Kd7 19. Qg7+ Ne7 20.
Qxh8 Kd6 21. Rad1+ Ke6 22. Bd5+ Nxd5 23. exd5+ Kf5 24. Qf8+ Kg5 25. Qe7+ Kh6
26. Qxe5 g5 27. Qf6+ Kh7 28. Rhe1 g4 29. Re7+ Kg8 30. Qf7+ Kh8 31. Qh7# 1-0

[Event "Tournoi francophone 002 Groupe E"]
[Site "Skype"]
[Date "????.??.??"]
[Round "1.5"]
[White "Milanese, Serge"]
[Black "Sahrane, Juba"]
[Result "1/2-1/2"]
[WhiteElo "1294"]
[BlackElo "1222"]
[PlyCount "152"]

1. e4 d6 2. Nf3 c5 3. c4 Nc6 4. a3 e5 5. Nc3 Nf6 6. h3 Be7 7. d3 O-O 8. Be2 h6
9. O-O Bd7 10. Nd5 Nxd5 11. cxd5 Nd4 12. Nxd4 cxd4 13. Bg4 f5 14. Bxf5 Bxf5 15.
exf5 Bg5 16. Qg4 Bxc1 17. Raxc1 Rc8 18. f6 g5 19. f7+ Kxf7 20. Qe6+ Kg7 21.
Rxc8 Qxc8 22. Qxd6 Re8 23. f3 Qd8 24. Qc5 b6 25. Qc6 Qb8 26. a4 Rd8 27. Qe6 Qd6
28. f4 exf4 29. Qg4 Qxd5 30. Rxf4 Qd7 31. Qxd7+ Rxd7 32. Re4 Kf6 33. Kf2 Kf5
34. g4+ Kf6 35. Re8 Kf7 36. Rh8 Kg7 37. Re8 Kg6 38. Kf3 Kf6 39. Ke4 Rd6 40. Re5
Rd7 41. Rd5 Re7+ 42. Kxd4 Re2 43. Kc3 Re3 44. Kd4 Rxh3 45. Ke4 Ke7 46. Kf5 Rf3+
47. Kg6 Rf6+ 48. Kh5 Ke6 49. Rd8 Rf4 50. b3 Ke5 51. d4+ Ke6 52. d5+ Ke7 53. Ra8
a5 54. Ra6 Rf6 55. Ra7+ Kd6 56. Rh7 Kxd5 57. Rxh6 Rf4 58. Rxb6 Ke4 59. Kxg5 Kf3
60. Rf6 Rxf6 61. Kxf6 Kxg4 62. Ke5 Kf3 63. Kd4 Ke2 64. Kc4 Kd2 65. b4 axb4 66.
Kxb4 Kd3 67. a5 Kd4 68. a6 Kd5 69. Kb5 Kd6 70. Kb6 Kd7 71. Kb7 Kd6 72. a7 Kd7
73. a8=Q Kd6 74. Qe8 Kd5 75. Qe7 Kd4 76. Kb6 Kd3 1/2-1/2

[Event "Tournoi francophone 002 Groupe E"]
[Site "Skype"]
[Date "????.??.??"]
[Round "2.1"]
[White "Bustos, Ricardo"]
[Black "Sahrane, Juba"]
[Result "0-1"]
[WhiteElo "1239"]
[BlackElo "1222"]
[PlyCount "40"]

1. c4 c5 2. Nc3 e6 3. g3 Nc6 4. Bg2 Nf6 5. e3 d6 6. Nge2 Bd7 7. O-O Be7 8. d4
cxd4 9. Nxd4 Qc7 10. Ncb5 Qb6 11. a4 Qc5 12. b3 a6 13. Ba3 Qe5 14. Nf3 Qh5 15.
Nc7+ Kf8 16. Nxa8 Ng4 17. h3 Bf6 18. Rc1 Nge5 19. Qxd6+ Be7 20. Qxe5 Nxe5 0-1

[Event "Tournoi francophone 002 Groupe E"]
[Site "Skype"]
[Date "????.??.??"]
[Round "2.2"]
[White "Mimouni, Driss"]
[Black "Milanese, Serge"]
[Result "0-1"]
[WhiteElo "1199"]
[BlackElo "1294"]
[PlyCount "46"]

1. d4 Nf6 2. e3 d5 3. Bd3 e6 4. Nf3 Nc6 5. a3 g6 6. c4 dxc4 7. Bxc4 Bg7 8. O-O
O-O 9. d5 exd5 10. Bb3 Be6 11. Ne5 Nxe5 12. f4 Neg4 13. Re1 Nxh2 14. Kxh2 Ng4+
15. Kg1 Qh4 16. Qd2 Qh2+ 17. Kf1 c6 18. Ke2 Qxg2+ 19. Kd1 Nf2+ 20. Kc2 Bf5+ 21.
Qd3 Nxd3+ 22. Re2 Qxe2+ 23. Bd2 Nb4+ 0-1

[Event "Tournoi francophone 002 Groupe E"]
[Site "Skype"]
[Date "????.??.??"]
[Round "2.3"]
[White "Farthouat, Catherine"]
[Black "Douichi, Mohammed"]
[Result "0-1"]
[WhiteElo "1197"]
[BlackElo "1172"]
[PlyCount "104"]

1. e4 e5 2. Nf3 Be7 3. h3 Nf6 4. d3 d5 5. Nxe5 d4 6. a3 Bd6 7. Nf3 O-O 8. Nxd4
c5 9. Nf3 Qa5+ 10. Bd2 Qb5 11. Bc3 Nh5 12. d4 Qc6 13. dxc5 Qxe4+ 14. Qe2 Qc6
15. Nd4 Qxc5 16. Qe3 Nf6 17. Be2 Qd5 18. O-O Nbd7 19. Bf3 Qc4 20. Nd2 Qc7 21.
Rfe1 Bf4 22. Qe7 Ne5 23. Qxc7 Nxf3+ 24. N2xf3 Bxc7 25. Nb5 Bd8 26. Re2 Be6 27.
Nbd4 Bc4 28. Re5 Bc7 29. Re7 Rac8 30. Rae1 b6 31. Nc6 Nd5 32. Ng5 Nxe7 33. Rxe7
Bd6 34. Rd7 Rxc6 35. Ne4 Bb8 36. Bd2 Re6 37. Ng5 Rg6 38. h4 Rf6 39. f3 Be2 40.
Bb4 Rc8 41. Be7 Rh6 42. c4 Rxh4 43. Bd8 Bxc4 44. Nxf7 Bh2+ 45. Kf2 Bxf7 46.
Bxh4 Be8 47. Re7 Rc2+ 48. Ke3 Bg1+ 49. Kf4 Bd4 50. Rxe8+ Kf7 51. Rd8 Rxb2 52.
Rxd4 Rxg2 0-1

[Event "Tournoi francophone 002 Groupe E"]
[Site "Skype"]
[Date "????.??.??"]
[Round "2.4"]
[White "Frigon, Julian"]
[Black "Ouellet, Emile"]
[Result "0-1"]
[WhiteElo "1199"]
[BlackElo "1280"]
[PlyCount "68"]

1. d4 d5 2. e3 e6 3. g3 c5 4. b3 Nc6 5. Bb2 Nf6 6. Nf3 h6 7. Bg2 Be7 8. O-O O-O
9. Qe2 a6 10. Nc3 b5 11. Rad1 c4 12. Rfe1 Bb4 13. h4 Ne4 14. a3 Bxc3 15. Bxc3
Nxc3 16. Qd2 Nxd1 17. Qxd1 cxb3 18. cxb3 b4 19. Qc1 Na5 20. Nd2 Bb7 21. Qc5
bxa3 22. Qxa3 Rc8 23. Rc1 Rxc1+ 24. Qxc1 Qc8 25. Qxc8 Rxc8 26. b4 Nc4 27. Nxc4
Rxc4 28. Bf1 Rc1 29. Kg2 Rb1 30. b5 a5 31. Bd3 Rb4 32. f3 a4 33. e4 dxe4 34.
fxe4 Rxd4 0-1

[Event "Tournoi francophone 002 Groupe E"]
[Site "Skype"]
[Date "????.??.??"]
[Round "2.5"]
[White "Lemoine, Gerard"]
[Black "Kruk, Clementine"]
[Result "1/2-1/2"]
[WhiteElo "1202"]
[BlackElo "1187"]
[PlyCount "102"]

1. d4 d5 2. c4 e6 3. Nf3 c6 4. Bg5 Nf6 5. e3 Qa5+ 6. Nc3 Bb4 7. Bxf6 gxf6 8.
Qc2 Nd7 9. cxd5 cxd5 10. Bd3 e5 11. a3 Bxc3+ 12. Qxc3 Qxc3+ 13. bxc3 e4 14. Be2
exf3 15. Bxf3 Nb6 16. h3 h5 17. Rb1 Bf5 18. Rb5 Be4 19. Bxe4 dxe4 20. d5 Rd8
21. c4 Nxc4 22. Rxb7 Nxa3 23. Rxa7 Nc2+ 24. Kd2 Nb4 25. Rb1 Rxd5+ 26. Kc3 Nd3
27. Rb8+ Rd8 28. Rbb7 Rc8+ 29. Kd4 Nxf2 30. Re7+ Kf8 31. Rxf7+ Ke8 32. Rae7+
Kd8 33. Rd7+ Ke8 34. Rfe7+ Kf8 35. Re6 f5 36. Rf6+ Ke8 37. Rff7 Rh6 38. Rg7 Re6
39. Rh7 Rc2 40. Kd5 Rec6 41. Rde7+ Kd8 42. Ra7 R2c5+ 43. Kd4 Rc4+ 44. Kd5 R6c5+
45. Kd6 Rc6+ 46. Kd5 Rc7 47. Rh8+ Kd7 48. Rh7+ Kc8 49. Rh8+ Kd7 50. Rh7+ Kc8
51. Rh8+ Kd7 1/2-1/2

[Event "Tournoi francophone 002 Groupe E"]
[Site "Skype"]
[Date "????.??.??"]
[Round "3.1"]
[White "Kruk, Clementine"]
[Black "Bustos, Ricardo"]
[Result "0-1"]
[WhiteElo "1187"]
[BlackElo "1239"]
[PlyCount "128"]

1. e4 c5 2. d4 cxd4 3. c3 Nc6 4. Nf3 e5 5. Bb5 Qb6 6. Qd3 a6 7. Bxc6 bxc6 8.
O-O Nf6 9. Nxe5 d6 10. Nc4 Qc7 11. cxd4 Be7 12. Nc3 O-O 13. Bf4 Nh5 14. Ne2 Be6
15. d5 cxd5 16. exd5 Bd7 17. Rfe1 Bb5 18. Rac1 Qd7 19. Qe4 Bd8 20. Bxd6 Nf6 21.
Qe5 Re8 22. Qg3 Ne4 23. Qf4 Bxc4 24. Rxc4 Nxd6 25. Rc6 Bc7 26. b4 Re4 27. Qg3
Rg4 28. Qe5 Rg6 29. Nf4 Re8 30. Qc3 Nb5 31. Rxe8+ Qxe8 32. Qe3 Qxe3 33. fxe3
Rxc6 34. dxc6 Bxf4 35. exf4 Kf8 36. a4 Nc7 37. Kf2 Ke7 38. Ke3 Kd6 39. b5 axb5
40. axb5 Nxb5 41. g4 Kxc6 42. h4 Nd6 43. f5 Kd5 44. Kf4 f6 45. g5 Ne4 46. h5
Nxg5 47. Kg4 Ke4 48. h6 gxh6 49. Kh5 Kxf5 50. Kxh6 Kg4 51. Kg7 f5 52. Kf6 f4
53. Ke5 f3 54. Kd4 f2 55. Ke3 f1=Q 56. Kd4 Qf4+ 57. Kd3 Kf3 58. Kc2 Ke2 59. Kb1
Qf3 60. Kc1 Qc3+ 61. Kb1 Qd2 62. Ka1 Kd3 63. Kb1 Kc3 64. Ka1 Qb2# 0-1

[Event "Tournoi francophone 002 Groupe E"]
[Site "Skype"]
[Date "????.??.??"]
[Round "3.2"]
[White "Ouellet, Emile"]
[Black "Lemoine, Gerard"]
[Result "1/2-1/2"]
[WhiteElo "1280"]
[BlackElo "1202"]
[PlyCount "71"]

1. e4 e6 2. Nf3 d5 3. e5 c5 4. d4 Bd7 5. c3 Nc6 6. Be3 Qb6 7. b3 cxd4 8. cxd4
Bb4+ 9. Nbd2 Nge7 10. Bd3 a6 11. O-O Bc3 12. Rc1 Bxd4 13. Nxd4 Nxd4 14. Bxd4
Qxd4 15. Nf3 Qb6 16. Qc2 O-O 17. Bxh7+ Kh8 18. Bd3 Rfc8 19. Qb1 Bb5 20. Rxc8+
Rxc8 21. Bxb5 Qxb5 22. Ng5 Nf5 23. Nxf7+ Kg8 24. Ng5 Qe8 25. Qd3 g6 26. g4 Qe7
27. f4 Ng7 28. Qh3 Ne8 29. Rf3 Nc7 30. Qh6 Qg7 31. Rh3 Rf8 32. Qh7+ Qxh7 33.
Rxh7 Rxf4 34. Rxc7 Rxg4+ 35. Kf2 Rxg5 36. Rxb7 1/2-1/2

[Event "Tournoi francophone 002 Groupe E"]
[Site "Skype"]
[Date "????.??.??"]
[Round "3.3"]
[White "Douichi, Mohammed"]
[Black "Frigon, Julian"]
[Result "0-1"]
[WhiteElo "1172"]
[BlackElo "1199"]
[PlyCount "106"]

1. e4 c5 2. d4 cxd4 3. Qxd4 d6 4. Bf4 Nf6 5. Nc3 g6 6. Nf3 Bg7 7. Bb5+ Nbd7 8.
e5 dxe5 9. Bxe5 a6 10. Bxd7+ Bxd7 11. O-O O-O 12. Nd5 Be6 13. Bc7 Qxd5 14. Qb6
Rac8 15. Rfd1 Qe4 16. Qc5 Qc6 17. Qxe7 Qxc7 18. Qb4 Qxc2 19. Qxb7 Ra8 20. Nd4
Qc4 21. b3 Qd5 22. Qb4 Rfb8 23. Qe1 Qe4 24. Qf1 Rb4 25. Nf3 Bd7 26. Ng5 Bb5 27.
Nxe4 Bxf1 28. Nxf6+ Bxf6 29. Rac1 Be2 30. Rc2 Bxd1 31. Rc1 Rd8 32. Rb1 Bc2 33.
Rc1 Rbd4 34. g3 Rd2 35. Kg2 Bd4 36. Rf1 Be4+ 37. Kg1 Rd5 38. a4 Bd3 39. Re1
Bxf2+ 40. Kg2 Bxe1+ 41. Kf3 Rf5+ 42. Ke3 Rff2 43. h4 Rde2+ 44. Kxd3 Re5 45. Kd4
Re8 46. Kc5 a5 47. Kb5 Rf5+ 48. Kc4 Re4+ 49. Kd3 Rfe5 50. Kc2 Rd5 51. Kb2 Bb4
52. g4 Rd2+ 53. Kc1 Re1# 0-1

[Event "Tournoi francophone 002 Groupe E"]
[Site "Skype"]
[Date "????.??.??"]
[Round "3.5"]
[White "Sahrane, Juba"]
[Black "Mimouni, Driss"]
[Result "1-0"]
[WhiteElo "1222"]
[BlackElo "1199"]
[PlyCount "51"]

1. e4 e5 2. Nf3 d6 3. c3 Nf6 4. Be2 Be6 5. O-O Nc6 6. d4 Bc4 7. Bxc4 d5 8. exd5
exd4 9. dxc6 bxc6 10. Ng5 Be7 11. Nxf7 Qd7 12. Nxh8 O-O-O 13. Nf7 Rf8 14. Re1
Bb4 15. Be6 Rd8 16. Bxd7+ Rxd7 17. Re8+ Nxe8 18. cxb4 Rxf7 19. Qg4+ Rd7 20. Na3
h5 21. Qe6 Kd8 22. Bg5+ Nf6 23. Bxf6+ gxf6 24. Qxf6+ Re7 25. Re1 Ke8 26. Qxe7#
1-0

[Event "Tournoi francophone 002 Groupe E"]
[Site "Skype"]
[Date "????.??.??"]
[Round "4.1"]
[White "Bustos, Ricardo"]
[Black "Mimouni, Driss"]
[Result "1-0"]
[WhiteElo "1239"]
[BlackElo "1199"]
[PlyCount "85"]

1. d4 d5 2. c4 e5 3. dxe5 dxc4 4. Qa4+ Bd7 5. Qxc4 Qe7 6. Nf3 Nf6 7. exf6 Qxf6
8. Nc3 Be6 9. Qe4 Nc6 10. Bg5 Qg6 11. Qxg6 fxg6 12. e3 Be7 13. Bf4 g5 14. Bxg5
Bxg5 15. Nxg5 Bg4 16. h3 Bf5 17. e4 Bg6 18. Bb5 O-O-O 19. Bxc6 bxc6 20. O-O Bh5
21. Ne6 Rd6 22. Nxg7 Rg8 23. Nxh5 Rdg6 24. g4 Rh6 25. Rac1 Rf6 26. Nxf6 Rf8 27.
e5 Rd8 28. Nxh7 Rd7 29. Rcd1 c5 30. Nf6 Rd8 31. Rxd8+ Kxd8 32. Ncd5 c6 33. Nf4
Kc8 34. e6 a5 35. e7 Kb7 36. e8=Q Kb6 37. Qb8+ Ka6 38. Rc1 c4 39. Rxc4 c5 40.
Rxc5 a4 41. Qb5+ Ka7 42. Rc7+ Ka8 43. Qb7# 1-0

[Event "Tournoi francophone 002 Groupe E"]
[Site "Skype"]
[Date "????.??.??"]
[Round "4.2"]
[White "Farthouat, Catherine"]
[Black "Sahrane, Juba"]
[Result "1-0"]
[WhiteElo "1197"]
[BlackElo "1222"]
[PlyCount "139"]

1. e4 d6 2. d4 e6 3. Nf3 Nf6 4. e5 dxe5 5. Nxe5 c5 6. Nf3 Nc6 7. Bb5 Bd7 8. O-O
Nxd4 9. Nxd4 cxd4 10. Bxd7+ Qxd7 11. Nd2 Bd6 12. Nf3 Rd8 13. b3 O-O 14. Bb2 e5
15. Rc1 h6 16. c3 e4 17. Nxd4 Ng4 18. h3 Ne5 19. Re1 Nd3 20. Rxe4 Nxc1 21. Bxc1
Bc5 22. Be3 Bxd4 23. Bxd4 Rfe8 24. Qg4 Qxg4 25. Rxg4 f6 26. Bxf6 Rd7 27. Bd4
Re2 28. a4 Kf7 29. Rxg7+ Ke6 30. Rg6+ Kf5 31. Rxh6 a6 32. g4+ Kf4 33. Kg2 Rd2
34. Be3+ Ke4 35. Bxd2 Rxd2 36. Rh7 b5 37. axb5 axb5 38. c4 bxc4 39. bxc4 Rc2
40. Rc7 Kd3 41. c5 Ke2 42. c6 Ke1 43. Rc8 Rxf2+ 44. Kg3 Kf1 45. g5 Rg2+ 46. Kf4
Kf2 47. c7 Rg3 48. Rh8 Rf3+ 49. Ke5 Rc3 50. Kd6 Rd3+ 51. Kc6 Rc3+ 52. Kd7 Rd3+
53. Kc8 Kf3 54. h4 Kg4 55. Rd8 Rc3 56. g6 Rxc7+ 57. Kxc7 Kf5 58. h5 Kf6 59.
Rf8+ Kg7 60. Rf7+ Kg8 61. h6 Kh8 62. g7+ Kg8 63. Rf8+ Kh7 64. g8=Q+ Kxh6 65.
Rf6+ Kh5 66. Qg6+ Kh4 67. Rf4+ Kh3 68. Qg4+ Kh2 69. Rf2+ Kh1 70. Qg2# 1-0

[Event "Tournoi francophone 002 Groupe E"]
[Site "Skype"]
[Date "????.??.??"]
[Round "4.3"]
[White "Frigon, Julian"]
[Black "Milanese, Serge"]
[Result "1/2-1/2"]
[WhiteElo "1199"]
[BlackElo "1294"]
[PlyCount "69"]

1. c4 e6 2. Nc3 Nf6 3. g3 c6 4. Bg2 Bc5 5. Nf3 d6 6. O-O e5 7. d3 O-O 8. a3
Nbd7 9. b4 Bd4 10. Bb2 a6 11. e3 Bxc3 12. Bxc3 Re8 13. d4 e4 14. Ne1 c5 15. d5
b5 16. bxc5 Nxc5 17. cxb5 axb5 18. Qd2 Nb3 19. Qb2 Nxa1 20. Qxa1 Ba6 21. Bxf6
gxf6 22. Nc2 b4 23. Re1 b3 24. Nb4 Bb7 25. f3 f5 26. fxe4 fxe4 27. Rf1 Qg5 28.
Rf4 Bxd5 29. Nxd5 Qxd5 30. Rg4+ Kf8 31. Rg7 b2 32. Qxb2 Qd1+ 33. Bf1 Qf3 34.
Rxh7 Re5 35. Qb4 1/2-1/2

[Event "Tournoi francophone 002 Groupe E"]
[Site "Skype"]
[Date "????.??.??"]
[Round "4.4"]
[White "Lemoine, Gerard"]
[Black "Douichi, Mohammed"]
[Result "1-0"]
[WhiteElo "1202"]
[BlackElo "1172"]
[PlyCount "77"]

1. d4 d5 2. c4 e6 3. Nf3 Nc6 4. Bg5 Be7 5. Bxe7 Ncxe7 6. e3 a6 7. a3 Nf6 8. Nc3
O-O 9. Bd3 h6 10. O-O Nc6 11. b4 b6 12. Re1 Na7 13. cxd5 exd5 14. Qe2 b5 15. e4
Re8 16. e5 Nc6 17. Qc2 Nxd4 18. Nxd4 Ne4 19. Nxe4 Bf5 20. Nxf5 Rxe5 21. Qc3
Rxf5 22. Ng3 Rg5 23. Qd4 c6 24. Re3 Qd6 25. Rae1 Kf8 26. Nf5 Qg6 27. Qc5+ Kg8
28. Ne7+ Kh7 29. Nxg6 fxg6 30. Qxc6 d4 31. Re6 Rf8 32. Bxg6+ Kg8 33. Re8 Rxg6
34. Qd5+ Kh7 35. Rxf8 h5 36. Qg8+ Kh6 37. Re5 Rg5 38. Qe6+ Rg6 39. Rh8# 1-0

[Event "Tournoi francophone 002 Groupe E"]
[Site "Skype"]
[Date "????.??.??"]
[Round "4.5"]
[White "Kruk, Clementine"]
[Black "Ouellet, Emile"]
[Result "0-1"]
[WhiteElo "1187"]
[BlackElo "1280"]
[PlyCount "72"]

1. e4 e5 2. Nf3 Nc6 3. Bc4 Be7 4. Nc3 d6 5. h3 h6 6. d3 Nf6 7. Be3 O-O 8. Qe2
b6 9. O-O-O Bb7 10. d4 Nxe4 11. Nxe4 d5 12. dxe5 Qc8 13. Bxd5 Nb4 14. Nc3 c6
15. Bb3 a5 16. Bxb6 Ra6 17. Na4 c5 18. a3 Bc6 19. axb4 axb4 20. Bc4 Rxa4 21.
Kb1 Qa8 22. c3 Ra1+ 23. Kc2 Ba4+ 24. b3 Ra2+ 25. Kc1 Rxe2 26. Bxe2 Bxb3 27. Rd3
Qa1+ 28. Kd2 Qxh1 29. cxb4 cxb4 30. Rxb3 Qxg2 31. Nd4 Qxf2 32. Kd3 Ra8 33. Kc4
Rc8+ 34. Kd5 Qg2+ 35. Bf3 Qxh3 36. Be4 Qd7# 0-1

[Event "Tournoi francophone 002 Groupe E"]
[Site "Skype"]
[Date "????.??.??"]
[Round "5.1"]
[White "Ouellet, Emile"]
[Black "Bustos, Ricardo"]
[Result "1-0"]
[WhiteElo "1280"]
[BlackElo "1239"]
[PlyCount "89"]

1. e4 c5 2. c4 Nf6 3. Nc3 d6 4. Nf3 Nc6 5. h3 e5 6. d3 h6 7. Be2 Be7 8. O-O O-O
9. Be3 b6 10. b3 a6 11. a4 Be6 12. Nd5 Re8 13. Nxf6+ Bxf6 14. Re1 Rc8 15. Rc1
Qd7 16. Kh2 Nd4 17. Nxd4 exd4 18. Bd2 Qe7 19. g3 Bg5 20. f4 Bf6 21. f5 Bd7 22.
Bh5 b5 23. cxb5 axb5 24. a5 Bg5 25. Bxg5 Qxg5 26. Qg4 Qxg4 27. Bxg4 Ra8 28. Ra1
b4 29. a6 Ra7 30. Ra5 Rea8 31. Rea1 Bc8 32. f6 Bxa6 33. Be2 gxf6 34. g4 Kg7 35.
Kg3 Kf8 36. R5a4 Ke7 37. Kh4 Kd7 38. Kh5 Kc7 39. Kxh6 Kb7 40. Kg7 Bb5 41. Rxa7+
Rxa7 42. Rxa7+ Kxa7 43. h4 Bd7 44. h5 Bxg4 45. Bxg4 1-0

[Event "Tournoi francophone 002 Groupe E"]
[Site "Skype"]
[Date "????.??.??"]
[Round "5.2"]
[White "Douichi, Mohammed"]
[Black "Kruk, Clementine"]
[Result "1/2-1/2"]
[WhiteElo "1172"]
[BlackElo "1187"]
[PlyCount "142"]

1. e4 e5 2. Nf3 Nc6 3. d4 Nf6 4. d5 Ne7 5. Bd3 d6 6. O-O Bg4 7. Nbd2 g6 8. Bb5+
c6 9. Ba4 b5 10. Bb3 cxd5 11. h3 Bh5 12. Bxd5 Nfxd5 13. exd5 Nxd5 14. Ne4 Nf6
15. Bg5 Bg7 16. Ng3 h6 17. Ne4 d5 18. Nxf6+ Bxf6 19. Bxf6 Qxf6 20. Qxd5 O-O 21.
Nxe5 Rab8 22. Rfe1 g5 23. Nc6 Rb6 24. Nxa7 Rfb8 25. b4 Qd8 26. Qb3 Qc7 27. Qa3
Qxc2 28. Rac1 Qa4 29. Qxa4 bxa4 30. Nc6 R8b7 31. Re8+ Kg7 32. Ra8 Rc7 33. Rxa4
Rcxc6 34. Re1 g4 35. h4 Ra6 36. b5 Rxa4 37. bxc6 Rxa2 38. c7 Rc2 39. Re7 Kf8
40. Rd7 Rc1+ 41. Kh2 g3+ 42. Kxg3 Rc3+ 43. Kf4 Rc4+ 44. Ke5 Bg4 45. Kd5 Bxd7
46. Kxc4 Ke8 47. Kd5 Ke7 48. Ke5 f6+ 49. Kf4 Kd6 50. f3 Kxc7 51. h5 Kd6 52. g4
Ke7 53. Ke4 Kf7 54. Kd5 Be6+ 55. Ke4 Ke7 56. Kf4 Kd6 57. Kg3 f5 58. gxf5 Bxf5
59. Kf4 Ke6 60. Kg3 Kf6 61. f4 Kg7 62. Kf3 Kf6 63. Kg3 Kg7 64. Kh4 Kf7 65. Kg3
Ke6 66. Kf3 Kd5 67. Ke3 Kc4 68. Kf3 Kd3 69. Kf2 Ke4 70. Kg3 Ke3 71. Kh4 Kxf4
1/2-1/2

[Event "Tournoi francophone 002 Groupe E"]
[Site "Skype"]
[Date "????.??.??"]
[Round "5.3"]
[White "Milanese, Serge"]
[Black "Lemoine, Gerard"]
[Result "1-0"]
[WhiteElo "1294"]
[BlackElo "1202"]
[PlyCount "41"]

1. e4 e6 2. d4 d5 3. Nc3 c5 4. Nf3 Nc6 5. e5 cxd4 6. Nxd4 Nxe5 7. Bb5+ Nc6 8.
Nxc6 bxc6 9. Bxc6+ Bd7 10. Bxa8 Qxa8 11. O-O Nf6 12. Qd4 Qb8 13. b3 Qc7 14. Bg5
Bc5 15. Qd1 Qe5 16. Bxf6 Qxf6 17. Nxd5 exd5 18. Qxd5 Qc6 19. Rae1+ Be7 20. Qe5
Qf6 21. Qb8+ 1-0

[Event "Tournoi francophone 002 Groupe E"]
[Site "Skype"]
[Date "????.??.??"]
[Round "5.4"]
[White "Sahrane, Juba"]
[Black "Frigon, Julian"]
[Result "1-0"]
[WhiteElo "1222"]
[BlackElo "1199"]
[PlyCount "41"]

1. e4 c5 2. c3 d6 3. d4 cxd4 4. cxd4 g6 5. Nf3 Nf6 6. d5 Nxe4 7. Qa4+ Bd7 8.
Qxe4 Bf5 9. Bb5+ Bd7 10. Bxd7+ Nxd7 11. Qd4 Nf6 12. O-O Qb6 13. Qxb6 axb6 14.
Nc3 Bg7 15. Re1 O-O 16. Rxe7 Rab8 17. Bf4 Ne8 18. Rae1 Rd8 19. Rxb7 Be5 20.
Nxe5 dxe5 21. Bxe5 1-0

[Event "Tournoi francophone 002 Groupe E"]
[Site "Skype"]
[Date "????.??.??"]
[Round "5.5"]
[White "Mimouni, Driss"]
[Black "Farthouat, Catherine"]
[Result "0-1"]
[WhiteElo "1199"]
[BlackElo "1197"]
[PlyCount "82"]

1. d4 Nf6 2. e3 e6 3. Nf3 d5 4. Nc3 Bb4 5. e4 dxe4 6. Ng5 O-O 7. a3 Bxc3+ 8.
bxc3 h6 9. Nxe4 Nxe4 10. Bb2 Qf6 11. f3 Nd6 12. Be2 Re8 13. c4 Nd7 14. c5 Qh4+
15. g3 Qf6 16. cxd6 cxd6 17. a4 b6 18. Bb5 e5 19. Bxd7 Bxd7 20. dxe5 dxe5 21.
Qe2 Rad8 22. O-O-O Bxa4 23. g4 Rc8 24. Rd2 Rc5 25. Rf1 Qc6 26. c3 a5 27. h4 Qc7
28. h5 f6 29. Rg1 Bd7 30. Qg2 Kf8 31. Ba3 b5 32. g5 fxg5 33. Bxc5+ Qxc5 34. Ra2
b4 35. Rc2 b3 36. c4 a4 37. Rb2 Qxc4+ 38. Kb1 a3 39. Qf1 Qc3 40. Rc2 Qxc2+ 41.
Ka1 Qb2# 0-1

[Event "Tournoi francophone 002 Groupe E"]
[Site "Skype"]
[Date "????.??.??"]
[Round "6.1"]
[White "Bustos, Ricardo"]
[Black "Farthouat, Catherine"]
[Result "1-0"]
[WhiteElo "1239"]
[BlackElo "1197"]
[PlyCount "77"]

1. d4 Nf6 2. Nf3 e6 3. c4 h6 4. Nc3 Bb4 5. Bd2 Bxc3 6. Bxc3 O-O 7. Qc2 b6 8. e4
Bb7 9. Bd3 Re8 10. O-O d6 11. b4 a5 12. a3 c5 13. bxc5 dxc5 14. dxc5 Nbd7 15.
Bd4 Rc8 16. e5 Bxf3 17. exf6 e5 18. Be3 Nxf6 19. gxf3 bxc5 20. Rfe1 Qe7 21. Bf1
Rcd8 22. Bg2 e4 23. fxe4 Nxe4 24. Bxe4 Qxe4 25. Qxe4 Rxe4 26. Bxc5 Rxc4 27. Bb6
Rd5 28. Rad1 Rg5+ 29. Kf1 Rh5 30. Kg2 Rg4+ 31. Kf3 Rgh4 32. Bc7 f5 33. Bg3 Ra4
34. Rd5 Rxa3+ 35. Kg2 Rg5 36. h4 Rh5 37. Re3 f4 38. Rxa3 fxg3 39. Rxh5 1-0

[Event "Tournoi francophone 002 Groupe E"]
[Site "Skype"]
[Date "????.??.??"]
[Round "6.2"]
[White "Frigon, Julian"]
[Black "Mimouni, Driss"]
[Result "1-0"]
[WhiteElo "1199"]
[BlackElo "1199"]
[PlyCount "73"]

1. d4 d5 2. Bf4 Nc6 3. e3 e6 4. c3 Be7 5. Bd3 Nf6 6. Nf3 Bd6 7. Bxd6 cxd6 8. h3
Bd7 9. Bc2 e5 10. dxe5 dxe5 11. O-O e4 12. Nfd2 d4 13. exd4 Qa5 14. Re1 Qg5 15.
Nxe4 Nxe4 16. Rxe4+ Ne7 17. Re5 Qg6 18. Bxg6 fxg6 19. Qd2 O-O 20. Rxe7 Rad8 21.
Na3 Bc6 22. Qe3 Rde8 23. Kf1 Rxe7 24. Qxe7 Re8 25. Qg5 h6 26. Qd2 b5 27. d5 Bd7
28. d6 Bc6 29. d7 Rd8 30. Re1 Rxd7 31. Qe3 Rf7 32. Qe6 a5 33. Qxc6 Rf8 34. Qd5+
Kh7 35. Re7 h5 36. Qe5 b4 37. Qxg7# 1-0

[Event "Tournoi francophone 002 Groupe E"]
[Site "Skype"]
[Date "????.??.??"]
[Round "6.3"]
[White "Lemoine, Gerard"]
[Black "Sahrane, Juba"]
[Result "1/2-1/2"]
[WhiteElo "1202"]
[BlackElo "1222"]
[PlyCount "52"]

1. d4 d5 2. c4 e5 3. Nc3 dxc4 4. e4 Bb4 5. a3 Ba5 6. Nf3 Nf6 7. Qa4+ Nc6 8.
Nxe5 Bxc3+ 9. bxc3 Bd7 10. Bg5 Nxe5 11. Qc2 Nd3+ 12. Bxd3 cxd3 13. Qxd3 h6 14.
Bh4 g5 15. Bg3 Bc6 16. f3 O-O 17. c4 Bxe4 18. fxe4 Nxe4 19. Qxe4 Re8 20. Be5 f6
21. Qg6+ Kh8 22. Qxh6+ Kg8 23. O-O fxe5 24. Qg6+ Kh8 25. Qh5+ Kg8 26. Qg6+ Kh8
1/2-1/2